00911nam a2200205 a 450000100100000000500170001000800410002704000250006808200210009310000280011424501770014226001070031930000280042650000650045450400270051965000460054665000630059270000220065570000280067700000223320250205124808.0090701s1989 dr a 000 0 spa d aDO-SdBNPbspacBNPHU a300.97293bL925c1 aLozano, Wilfredod1950-10aCiencias sociales en la República Dominicana :bsociología, demografía, economía, evolución y bibliografía /cWilfredo Lozano, Nelson Ramírez y Bernardo Vega. aSanto Domingo, :bFundación Friedrich Ebert :bFondo para el Avance de las Ciencias Sociales,c1989. a286 p. :bil. ;c22 cm. aIncluye referencias bibliográficas al pie de las páginas aIncluye bibliografía 4aCiencias socialeszRepública Dominicana 4aCiencias socialeszRepública DominicanavBIBLIOGRAFÍAS12aRamírez, Nelson12aVega, Bernardo,d1938 -